The Impact of the Tax Cuts and Jobs Act on Foreign Investment in the United States /
The 2017 Tax Cuts and Jobs Act (TCJA) sharply reduced effective corporate income tax rates on equity-financed US investment. This paper examines the reform's impact on US inbound foreign direct investment (FDI) and investment in property, plant and equipment (PPE) by foreign-owned US companies....
| Main Author: | |
|---|---|
| Other Authors: | , , |
| Format: | Journal |
| Language: | English |
| Published: |
Washington, D.C. :
International Monetary Fund,
2022.
|
| Series: | IMF Working Papers; Working Paper ;
No. 2022/079 |
| Subjects: | |
| Online Access: | Full text available on IMF Full text available on IMF |
| LEADER | 02891cas a2200349 a 4500 | ||
|---|---|---|---|
| 001 | AALejournalIMF022896 | ||
| 008 | 230101c9999 xx r poo 0 0eng d | ||
| 020 | |c 20.00 USD | ||
| 020 | |z 9798400207761 | ||
| 022 | |a 1018-5941 | ||
| 040 | |a BD-DhAAL |c BD-DhAAL | ||
| 100 | 1 | |a Matheson, Thornton. | |
| 245 | 1 | 4 | |a The Impact of the Tax Cuts and Jobs Act on Foreign Investment in the United States / |c Thornton Matheson, Alexander Klemm, Laura Power, Thomas Brosy. |
| 264 | 1 | |a Washington, D.C. : |b International Monetary Fund, |c 2022. | |
| 300 | |a 1 online resource (30 pages) | ||
| 490 | 1 | |a IMF Working Papers | |
| 500 | |a <strong>Off-Campus Access:</strong> No User ID or Password Required | ||
| 500 | |a <strong>On-Campus Access:</strong> No User ID or Password Required | ||
| 506 | |a Electronic access restricted to authorized BRAC University faculty, staff and students | ||
| 520 | 3 | |a The 2017 Tax Cuts and Jobs Act (TCJA) sharply reduced effective corporate income tax rates on equity-financed US investment. This paper examines the reform's impact on US inbound foreign direct investment (FDI) and investment in property, plant and equipment (PPE) by foreign-owned US companies. We first model effective marginal and average tax rates (EMTRs and EATRs) by country, industry, and method of finance, and then use those tax rates to calculate the tax semi-elasticities of inbound FDI and PPE investment. We find that both PPE investment and FDI financed with retained earnings responded positively to the TCJA reform, but FDI financed with new equity or debt did not. In country-level PPE regressions, inclusion of macroeconomic controls renders tax rate coefficients insignificant, suggesting that the increase in PPE investment after TCJA was driven by general economic growth. In regressions of FDI financed with retained earnings, however, tax coefficients were robust to inclusion of macroeconomic controls. As the literature predicts, EATRs have a greater impact on cross-border investment than EMTRs. Country-by-industry regressions showed a larger effect of taxes on PPE investment than aggregate country-level regressions, but industry-level tax rates appear to have no effect on earnings retention. | |
| 538 | |a Mode of access: Internet | ||
| 650 | 7 | |a Business Taxes and Subsidies |2 imf | |
| 650 | 7 | |a Inbound Investment |2 imf | |
| 650 | 7 | |a International Investment |2 imf | |
| 650 | 7 | |a Long-Term Capital Movements |2 imf | |
| 650 | 7 | |a TCJA |2 imf | |
| 700 | 1 | |a Brosy, Thomas.. | |
| 700 | 1 | |a Klemm, Alexander. | |
| 700 | 1 | |a Power, Laura. | |
| 830 | 0 | |a IMF Working Papers; Working Paper ; |v No. 2022/079 | |
| 856 | 4 | 0 | |z Full text available on IMF |u https://elibrary.imf.org/openurl?genre=journal&issn=1018-5941&volume=2022&issue=079 |z IMF e-Library |
| 856 | 4 | 0 | |z Full text available on IMF |u https://elibrary.imf.org/openurl?genre=journal&issn=1018-5941&volume=2022&issue=080 |z IMF e-Library |